Vintage Alexandria : photographs of the city, 1860-1960 /

محفوظ في:

المؤلف الرئيسي: Haag, Michael, 1943- (مؤلف)

التنسيق: كتاب

اللغة: English

منشور في: Cairo ; New York : American University in Cairo Press, 2008.

الموضوعات:

الوسوم: إضافة وسم

لا توجد وسوم, كن أول من يضع وسما على هذه التسجيلة!

رقم الطلب: DT154 .A4 H35 2008

LEADER 00892namaa2200265 4500
001 14223
003 OSt
005 20250526095105.0
008 190929s2008 ua ab 000 0 eng d
010 |a 2010331301 
020 |a 9789774161926 
020 |a 9774161920 
040 |c ARCE Library 
043 |a f-ua--- 
050 4 |a DT154 .A4 H35 2008 
100 1 |a Haag, Michael,  |d 1943-  |e author 
245 1 0 |a Vintage Alexandria :  |b photographs of the city, 1860-1960 /  |c Michael Haag. 
264 1 |a Cairo ;   |a New York :   |b American University in Cairo Press,   |c 2008. 
300 |a ix, 139 pages :  |b illustrations (some color), maps ;  |c 26 cm. 
651 0 |a Alexandria (Egypt)  |v Pictorial works. 
651 0 |a Alexandria (Egypt)  |x History  |y 19th century  |v Pictorial works. 
651 0 |a Alexandria (Egypt)  |x History  |y 20th century  |v Pictorial works. 
901 |a reviewed 
942 |c BK  |2 lcc 
999 |c 15126  |d 15126